Nihon zokushin jiten. Dō, shokubutsu hen /
Disimpan dalam:
| Pengarang Utama: | |
|---|---|
| Format: | Buku |
| Bahasa: | Japanese |
| Diterbitkan: |
Tōkyō :
Kadokawa Shoten,
Shōwa 57 [1982]
|
| Edisi: | Shohan. |
| Subjek-subjek: | |
| Penanda-penanda: |
Tambah Penanda
Tiada Penanda, Jadilah orang pertama menanda rekod ini!
|
| LEADER | 01185nam a2200325 a 4500 | ||
|---|---|---|---|
| 001 | 007721052-2 | ||
| 005 | 20024617115255.0 | ||
| 008 | 830513s1982 ja d 000 0 jpn | ||
| 010 | |a 83148761 | ||
| 020 | |c Y2800 | ||
| 035 | 0 | |a ocm17091821 | |
| 040 | |a DLC |c DLC |d OU |d CU |d *YNH* |d CStRLIN | ||
| 043 | |a a-ja--- | ||
| 050 | 0 | |a GR340.S97 1982 Orien Japan | |
| 100 | 1 | |6 880-01 |a Suzuki, Tōzō, |d 1911-1992. | |
| 245 | 1 | 0 | |6 880-02 |a Nihon zokushin jiten. |p Dō, shokubutsu hen / |c Suzuki Tōzō. |
| 250 | |6 880-03 |a Shohan. | ||
| 260 | |6 880-04 |a Tōkyō : |b Kadokawa Shoten, |c Shōwa 57 [1982] | ||
| 300 | |a 37, 620 p. ; |c 20 cm. | ||
| 650 | 0 | |a Folklore |z Japan |x Dictionaries |x Japanese. | |
| 650 | 0 | |a Animals |v Folklore |z Japan |x Dictionaries |x Japanese. | |
| 650 | 0 | |a Plants |x Folklore |z Japan |x Dictionaries |x Japanese. | |
| 651 | 0 | |a Japan |x Social life and customs |x Dictionaries |x Japanese. | |
| 650 | 0 | |a Superstition |z Japan |x Dictionaries |x Japanese. | |
| 880 | 1 | |6 100-01 |a 鈴木棠三, |d 1911- | |
| 880 | 1 | 0 | |6 245-02 |a 日本俗信辞典. |p 動・植物編 / |c 鈴木棠三. |
| 880 | |6 250-03 |a 初版. | ||
| 880 | |6 260-04 |a 東京 : |b 角川書店, |c 昭和57 [1982] | ||
| 988 | |a 20021209 | ||
| 906 | |0 DLC | ||


